Rada školy - postup pri ustanovení orgánov školskej samosprávy: členstvo, zverejnenie volieb a delegovanie

Návod a inštrukcie pre zodpovedné osoby za proces volieb a ustanovenie členov rady školy, ktorá je jedným z kľúčových orgánov školskej samosprávy. Venuje sa téme zriadenia rady školy, počtu členov (delegovaných, volených) v orgánoch školskej samosprávy, ako aj zverejneniu volieb do rady školy. Ustan...

ver descrição completa

Na minha lista:
Detalhes bibliográficos
Autor principal: Stanislavová, Mária
Formato: Capítulo de Livro
Idioma:eslovaco
Assuntos:
Tags: Adicionar Tag
Sem tags, seja o primeiro a adicionar uma tag!

MARC

LEADER 00000naa a2200000 4500
001 0296341
005 20240417075248.2
041 0 |a slo 
044 |a SK 
245 1 0 |a Rada školy - postup pri ustanovení orgánov školskej samosprávy: členstvo, zverejnenie volieb a delegovanie  |c Mária Stanislavová 
520 |a Návod a inštrukcie pre zodpovedné osoby za proces volieb a ustanovenie členov rady školy, ktorá je jedným z kľúčových orgánov školskej samosprávy. Venuje sa téme zriadenia rady školy, počtu členov (delegovaných, volených) v orgánoch školskej samosprávy, ako aj zverejneniu volieb do rady školy. Ustanovujúce zasadnutie rady školy zabezpečuje zriaďovateľ tiež v spolupráci s riaditeľom školy alebo riaditeľom školského zariadenia. 
610 2 0 |a školstvo 
610 2 0 |a školy 
610 2 0 |a rady správne 
610 2 0 |a samospráva 
610 2 0 |a voľby 
100 1 |a Stanislavová, Mária